Comuni della Provincia della Gallura Nord-Est Sardegna (con mappa) - Statistics

Statistiche generali
  • Questo quiz è stato fatto 43 volte
  • Il punteggio medio è 20 su 26
Risposte nella Mappa
Le risposte nella mappa del quiz sottostante sono codificate secondo una scala di colori dal rosso al verde in base alla % di persone che hanno risposto correttamente.
 
Statistiche sulle risposte
Risposta % Corretto
La Maddalena
100%
Olbia
100%
Palau
93%
Santa Teresa Gallura
93%
Tempio Pausania
93%
Arzachena
90%
Golfo Aranci
90%
San Teodoro
83%
Aglientu
80%
Calangianus
77%
Loiri Porto San Paolo
77%
Berchidda
73%
Budoni
73%
Luogosanto
73%
Oschiri
73%
Alà dei Sardi
70%
Badesi
70%
Sant'Antonio di Gallura
70%
Aggius
67%
Luras
67%
Trinità d'Agultu e Vignola
67%
Bortigiadas
63%
Buddusò
63%
Monti
63%
Padru
63%
Telti
63%
Nessun quiz corrispondente trovato
Distribuzione punteggi
Percentuale di utenti per punteggio
Percentile per numero di risposta
I tuoi punteggi nel tempo
Non hai fatto questo quiz